000 00465 a2200145 4500
020 _a8120324900
040 _aDLC
_bDLC
082 _a005.1068
245 _aBasics of software project management
_cNIIT
260 _aNew Delhi:
_bPrentice-Hall of India Pvt. Ltd.,
_c2004.
300 _ax, 258 p. :
_bill. ;
_c25 cm.
500 _aIncludes bibliographical references and index.
650 _aComputer software--Development--Management.
942 _cBK
_k005.1068 NII
_2ddc
999 _c5827
_d5827